الكون ، ذلك المجهول / (Record no. 14416)

MARC details
000 -الفاتح
حقل البيانات ثابتة الطول 00834nam a22002297a 4500
008 - عناصر البيانات ثابتة الطول - معلومات عامة
حقل البيانات ثابتة الطول 100707s1994 ua|||||r|||| 000 0 ara d
020 ## - الرقم الدولى المعيارى للكتب
الرقم الدولى المعيارى للكتاب 9770140953
082 ## - رقم تصنيف ديوى العشرى
رقم الطبعة 22
رقم التصنيف 523.1
رقم المادة ع ب د
100 ## - المدخل الرئيسى - إسم شخصى
9 (RLIN) 15992
الإسم الشخصى عبد الفتاح ، جلال
245 ## - بيان العنوان
العنوان الكون ، ذلك المجهول /
بيان المسئوليه,etc جلال عبد الفتاح
260 ## - PUBLICATION, DISTRIBUTION, ETC. (IMPRINT)
مكان الناشر او الموزع القاهرة :
اسم الناشر او الموزع الهيئة العامة المصرية للكتاب ،
تاريخ النشر أو التوزيع 1994
300 ## - الوصف المادى
التعداد 211ص :
تفاصيل ماديه اخرى للوعاء ايض لو ;
أبعاد الوعاء 22 سم
336 ## - نوع المحتوى
source rdacontent
Carrier Type Term نص
Content Type Code txt
337 ## - نوع الوسيط
Media Type Term بدون وسيط
source rdamedia
Media Type Code n
338 ## - نوع الحامل أو الناقل
Carrier Type Term مجلد
Carrier Type Code nc
source rdacarrier
504 ## - تبصرة ببليوجرافية
تبصرة ببليوجرافية,الخ ببليوجلرافية ص 206
541 ## - تبصرة المصدر المباشر للتزويد
مصدر التزويد الف باء؛
طريقة التزويد ؛ شراء
650 ## - المدخل الاضافى بالموضوع-مصطلح موضوعى
9 (RLIN) 15140
مصطلح موضوعي أو اسم جغرافي كعنصر مدخل الكون
650 ## - المدخل الاضافى بالموضوع-مصطلح موضوعى
9 (RLIN) 15999
مصطلح موضوعي أو اسم جغرافي كعنصر مدخل المجرات
650 ## - المدخل الاضافى بالموضوع-مصطلح موضوعى
9 (RLIN) 15148
مصطلح موضوعي أو اسم جغرافي كعنصر مدخل الفلك
942 ## - عناصر المدخل الإضافي( كوها)
مصدر التصنيف او مخطط الترفيف Dewey Decimal Classification
Koha [default] item type Book - Borrowing
جزء التصنيف RDA-MOD
Holdings
حالة التراجع حالة الفقد مصدر التصنيف او خطة الترفيف حالة تلف ليس للاعارة مجموعات كوها المكان الدائم المكان الحالي موقع الترفيف تاريخ الاكتساب Source of acquisition رقم الاستدعاء الباركود Date last seen نوع الوعاء
    Dewey Decimal Classification     Alef-Baa Central Library Central Library First floor 07/07/2010   523.1 عبد 000025048 15/07/2025 Book - Borrowing